| 000 | 00683cab a2200217 4500 | ||
|---|---|---|---|
| 001 | X83653 | ||
| 008 | 090401t1997 xxu||||| |||| 00| 0 eng d | ||
| 035 | _a(Sirsi) u78037 | ||
| 041 | _aeng | ||
| 245 | _aSweatfield Ltd v Hathaway Roofing Ltd | ||
| 260 | _c1997 | ||
| 350 | _a0 | ||
| 490 |
_aConstruction Industry Law Letter _v[1997] CILL March 1235-1236(2) |
||
| 520 | _aMain contractor in repudiatory breach by introducing other labour on subcontract work. HEADNOTE FROM JOURNAL. | ||
| 650 | _aCONTRACTOR | ||
| 650 | _aREPUDIATION | ||
| 650 | _aSWEATFIELD LTD V HATHAWAY ROOFING LTD | ||
| 690 | _aBUILDING AND CONSTRUCTION-CASE LAW | ||
| 942 | _n0 | ||
| 948 | _c29/04/1997 | ||
| 999 |
_c49093 _d49093 |
||